00800nam a22002297a 4500003000400000005001700004008004100021020001900062040003700081082003700118100002200155245009800177250001900275260005000294300002600344500003500370650003000405650005200435650004100487700001900528700002300547OSt20251128020253.0251128t2004 |||||||| |||| 00| | eng d a0-205-34350--3 cJMCFI - Learning Resource Center aF.P./G.Ed. 343.7309'98 M628 2004 aMiddleton, Kent R aThe law of public communication /cKent R. Middleton, William E. Lee, and Bill F. Chamberlin. aSixth edition. aBoston, MA :bPearson Education, Inc.,c2004. ax, 614 pages ;c24 cm aIncludes indexes and glossary. aPress lawzUnited States. aMass mediaxLaw and legislationzUnited States. aFreedom of the presszUnited States. aLee, William E aChamberlin, Bill F